000 01548nam2a22002651 4500
001 RU\NLR\INFOCOMM6\1000507456
005 20250617012714.0
035 _a(NLR Aleph) 002343518
090 _a4490194
_c4490194
100 _a20041104d1989 |||y0rusy50 ca
101 0 _arus
102 _aRU
105 _ay |||||||||
200 0 _a1989, Вып.2
210 _d1989
_aБ. м.
225 0 _aАктуальные валютно-финансовые проблемы зарубежных социалистических стран
_v1989, Вып.2
_iСовершенствование финансово-кредитного механизма в странах-членах СЭВ
_v1988
461 0 _1001RU\NLR\INFOCOMM16\1000487276
_12001#$aАктуальные валютно-финансовые проблемы зарубежных стран$fН.-и. фин. ин-т$v1989, Вып.2
_94056565
_cМ.
_d1983-
_fН.-и. фин. ин-т
_tАктуальные валютно-финансовые проблемы зарубежных стран
_v1989, Вып.2
462 0 _1001RU\NLR\INFOCOMM6\1000507455
_12001#$v1988
_94490192
_cМ.
_d1989-
_tАктуальные валютно-финансовые проблемы зарубежных стран. - Совершенствование финансово-кредитного механизма в странах-членах СЭВ
_v1988
801 1 _aRU
_bInfoComm
_c20041104
801 0 _aRU
_bNLR
_gPSBO
852 _aNLR
_jП22/5129
942 _cISSUE
980 _aNB
980 _aRUSPER